000 00531nam a22001817a 4500
005 20251108165224.0
008 250721s1992 xx 000 0 ara d
082 1 4 _a922.1/طعم
100 1 _aالطعمي، محيي الدين
245 1 0 _aالنور الأبهر في طبقات شيوخ الجامع الأزهر /
264 1 _aبيروت :
_bدار الجيل،
_c1992.
300 _a136ص
650 1 7 _aالإسلام
650 1 7 _aالمسلمون
650 1 7 _aالتراجم
942 _2ddc
_cBK
999 _c22531
_d22531